Các văn bản hướng dẫn thực hiện luật khuyến khích đầu tư trong nước (sửa đổi) số 03

Shranjeno v:
Bibliografske podrobnosti
Format: Knjiga
Izdano: Xây dựng 2000
Oznake: Označite
Brez oznak, prvi označite!
Thư viện lưu trữ: Mạng thư viện Đại học Đà Nẵng
LEADER 00584nam a2200217 a 4500
001 000029774
003 10727
005 20171030145630.0
008 171030s2000
020 |c 18000 
040 |a LTT 
082 0 |a 343.6  |b Vă-B 
245 0 0 |a Các văn bản hướng dẫn thực hiện luật khuyến khích đầu tư trong nước (sửa đổi) số 03  |c 1998 
260 |b Xây dựng  |c 2000 
OWN |a LTT 
999 |a From the UDN01 
TYP |a Monograph 
TYP |a Printed language 
980 |a Mạng thư viện Đại học Đà Nẵng